| 000 | 00359 a2200133 4500 | ||
|---|---|---|---|
| 001 | 58561 | ||
| 082 | _a519.41285 HAN | ||
| 090 |
_c35935 _d35935 |
||
| 100 | _aDuane, Hanselmen & Bruce Littlefield | ||
| 245 |
_aStudent edition of MATLAB ver 5 _cHanselmen Duane |
||
| 260 |
_aNJ _bPrenctice Hall _c1997 |
||
| 300 | _a470 p. | ||
| 600 | _aBruce Littlefield | ||
| 942 |
_aNUST-CAE _k519.41285 HAN |
||
| 999 |
_c293634 _d293634 |
||